Μακεδονία : οι φυλές της και το μέλλον τους

Saved in:
Bibliographic Details
Main Author: Brailsford, Henry Noel, 1873-1958
Other Authors: Καζάκης, Δημήτριος (Editor)
Format: Book
Language:Greek
English
Published: Αθήνα : Οδυσσέας, c2006.
Subjects:
Tags: Add Tag
No Tags, Be the first to tag this record!

MARC

LEADER 00000cam a2200000 i 4500
001 1/38573
008 061201s2006 gr | ||| |||| ||gre||
020 |a 9602105046 
035 |l 10086378 
040 |a GR-MyUA  |b gre  |e AACR2 
041 1 |a gre  |h eng 
082 0 |a 938.94 
100 1 |a Brailsford, Henry Noel,   |d 1873-1958. 
245 1 0 |a Μακεδονία :   |b οι φυλές της και το μέλλον τους /   |c Henry Νoel Brailsford ; μετάφραση Δημήτρης Καζάκης.  
260 |a Αθήνα :   |b Οδυσσέας,   |c c2006.  
300 |a 391 σ. ;   |c 21 εκ.  
500 |a Τίτλος πρωτοτύπου: Macedonia.  
650 0 |a Ethnology  |z Macedonia. 
651 0 |a Macedonia  |x Politics and government. 
651 0 |a Macedonia  |x Social life and customs. 
700 1 |a Καζάκης, Δημήτριος,  |e edt 
852 |a INST  |b LESVOS  |e 20061201  |h 938.94 BRA  |p 005100036671  |q 005100036671  |t BK  |y 4  |x 20191011 
901 |a BIBL1-2006-3 
909 |a Λ  |b 130431 
970 |a ΒΑΡΚΑ  |b ΕΛΕΥΘΕΡΙΑ  |z 2006/12/01